000
00266nam a22001097a 4500
008
170124b xxu||||| |||| 00| 0 eng d
020
_a
9780071364225
041
_a
eng
080
_a
618.2
245
_a
FIRST AID FOR THE SURGERY CLERKSHIP
_c
STEAD, L.G
942
_2
udc
_c
BK
999
_c
3463
_d
3463